000 00266nam a22001097a 4500
008 211116b ||||| |||| 00| 0 eng d
050 _a005
_b1
245 _aIntroduction To Coding,Grade-VI,Teacher Handbook
260 _aDelhi
_bCBSE
300 _a1
942 _2ddc
_cBK
999 _c11900
_d11900